Temas de química general / (Registro nro. 21705)
[ vista simple ]
| 000 -CABECERA | |
|---|---|
| fixed length control field | 01422nam a22004337a 4500 |
| 005 - FECHA Y HORA DE LA ULTIMA TRANSACCIÓN | |
| control field | 20260409121954.0 |
| 008 - ELEMENTOS DE LONGITUD FIJA | |
| fixed length control field | 260407t1989 ag a | |||| 00| 0 s d |
| 020 ## - ISBN | |
| ISBN | 9789502303458 |
| 040 ## - FUENTE DE CATALOGACIÓN | |
| Agencia de catalogación original | AR-MoUNM |
| 082 ## - NÚMERO DE CLASIFICACIÓN DECIMAL DEWEY (C.D.D.) | |
| Número de la edición | 20 |
| Número de la Clasificación Decimal de Dewey (C.D.D.) | 540 |
| Número del ítem | TEM 278 |
| 245 00 - MENCIÓN DEL TÍTULO | |
| Título | Temas de química general / |
| Mención de responsabiblidad | María del Carmen Angelini ... et al. |
| 250 ## - MENCIÓN DE EDICIÓN | |
| Mención de edición | 5a ed. |
| 260 ## - PUBLICACIÓN, DISTRIBICIÓN, ETC. | |
| Lugar de publicación, distribución, etc. | Buenos Aires : |
| Nombre del editor, distribuidor, etc. | Eudeba, |
| Fecha de publicación, distribución, etc. | c1989. |
| 300 ## - DESCRIPCIÓN FÍSICA | |
| Extensión | v. : |
| Otros detalles físicos | il. ; tablas ; |
| Dimensiones [El subcampo es A para Materiales Mixtos] | 22 cm. |
| 490 0# - MENCIÓN DE SERIE | |
| Mención de Serie | (Manuales) |
| 500 ## - NOTA GENERAL | |
| Nota general | Incluye índice. |
| 505 0# - NOTA DE CONTENIDO NORMALIZADA | |
| Título | v1: Capítulo I , II, III, IV, V. |
| 505 0# - NOTA DE CONTENIDO NORMALIZADA | |
| Título | v2: Capítulo V, VI, VII, VIII, IX. |
| 505 0# - NOTA DE CONTENIDO NORMALIZADA | |
| Título | v3: Capítulo X, XI, XII. |
| 650 #7 - ENTRADA SECUNDARIA DE MATERIA - TÉRMINO TEMÁTICO | |
| Fuente de la entrada o término | unescot |
| Término temático o nombre geográfico como elemento de entrada | QUIMICA |
| 9 (RLIN) | 377 |
| 650 #7 - ENTRADA SECUNDARIA DE MATERIA - TÉRMINO TEMÁTICO | |
| Fuente de la entrada o término | unescot |
| Término temático o nombre geográfico como elemento de entrada | PROPIEDAD QUIMICA |
| 9 (RLIN) | 853 |
| 650 #7 - ENTRADA SECUNDARIA DE MATERIA - TÉRMINO TEMÁTICO | |
| Fuente de la entrada o término | unescot |
| Término temático o nombre geográfico como elemento de entrada | CINETICA QUIMICA |
| 9 (RLIN) | 383 |
| 650 #7 - ENTRADA SECUNDARIA DE MATERIA - TÉRMINO TEMÁTICO | |
| Fuente de la entrada o término | unescot |
| Término temático o nombre geográfico como elemento de entrada | ESTRUCTURA ATOMICA |
| 9 (RLIN) | 869 |
| 650 #7 - ENTRADA SECUNDARIA DE MATERIA - TÉRMINO TEMÁTICO | |
| Fuente de la entrada o término | unescot |
| Término temático o nombre geográfico como elemento de entrada | ELECTROQUIMICA |
| 9 (RLIN) | 380 |
| 650 #7 - ENTRADA SECUNDARIA DE MATERIA - TÉRMINO TEMÁTICO | |
| Fuente de la entrada o término | unescot |
| Término temático o nombre geográfico como elemento de entrada | ESTRUCTURA MOLECULAR |
| 9 (RLIN) | 870 |
| 650 #7 - ENTRADA SECUNDARIA DE MATERIA - TÉRMINO TEMÁTICO | |
| Fuente de la entrada o término | unescot |
| Término temático o nombre geográfico como elemento de entrada | EFECTOS QUIMICOS |
| 9 (RLIN) | 385 |
| 650 #7 - ENTRADA SECUNDARIA DE MATERIA - TÉRMINO TEMÁTICO | |
| Fuente de la entrada o término | unescot |
| Término temático o nombre geográfico como elemento de entrada | ELEMENTO QUIMICO |
| 9 (RLIN) | 871 |
| 700 1# - ENTRADA SECUNDARIA - NOMBRE DE PERSONA | |
| Nombre de la persona | Angelini, María del Carmen |
| 9 (RLIN) | 854 |
| 700 1# - ENTRADA SECUNDARIA - NOMBRE DE PERSONA | |
| Nombre de la persona | Bulwik, M. |
| 9 (RLIN) | 855 |
| 700 1# - ENTRADA SECUNDARIA - NOMBRE DE PERSONA | |
| Nombre de la persona | Lastres Flores, L. |
| 9 (RLIN) | 856 |
| 700 1# - ENTRADA SECUNDARIA - NOMBRE DE PERSONA | |
| Nombre de la persona | Sileo, M. |
| 9 (RLIN) | 857 |
| 700 1# - ENTRADA SECUNDARIA - NOMBRE DE PERSONA | |
| Nombre de la persona | Baumgartner, E. |
| 9 (RLIN) | 858 |
| 700 1# - ENTRADA SECUNDARIA - NOMBRE DE PERSONA | |
| Nombre de la persona | Crubellati, R. |
| 9 (RLIN) | 859 |
| 700 1# - ENTRADA SECUNDARIA - NOMBRE DE PERSONA | |
| Nombre de la persona | Pouchan, M. |
| 9 (RLIN) | 860 |
| 700 1# - ENTRADA SECUNDARIA - NOMBRE DE PERSONA | |
| Nombre de la persona | Benítez, C. |
| 9 (RLIN) | 861 |
| 700 1# - ENTRADA SECUNDARIA - NOMBRE DE PERSONA | |
| Nombre de la persona | Servant, R. |
| 9 (RLIN) | 863 |
| 700 1# - ENTRADA SECUNDARIA - NOMBRE DE PERSONA | |
| 9 (RLIN) | 862 |
| Nombre de la persona | Landau, L. D. |
| Forma desarrollada del nombre | (Lev Davidovich), |
| Fechas asociadas con un nombre | 1908-1968. |
| 942 ## - ADDED ENTRY ELEMENTS (KOHA) | |
| Item type | Libros |
| Source of classification or shelving scheme | Dewey Decimal Classification |
| Withdrawn status | Lost status | Source of classification or shelving scheme | Damaged status | Not for loan | Home library | Current library | Date acquired | Source of acquisition | Inventory number | Total Checkouts | Full call number | Barcode | Date last seen | Copy number | Price effective from | Koha item type |
|---|---|---|---|---|---|---|---|---|---|---|---|---|---|---|---|---|
| Dewey Decimal Classification | Colección general | Colección general | 07/04/2026 | Donación Fabián Otero | 28124 | 540 TEM 278 v1 | 28124 | 07/04/2026 | Ej. C | 07/04/2026 | Libros | |||||
| Dewey Decimal Classification | Colección general | Colección general | 07/04/2026 | Donación Fabián Otero | 28125 | 540 TEM 278 v2 | 28125 | 07/04/2026 | Ej. C | 07/04/2026 | Libros | |||||
| Dewey Decimal Classification | Colección general | Colección general | 07/04/2026 | Donación Fabián Otero | 28126 | 540 TEM 278 v3 | 28126 | 07/04/2026 | Ej. C | 07/04/2026 | Libros |


